Meet Addy : (Record no. 13324)

000 -LEADER
fixed length control field 00744cam a2200217 a 4500
020 ## - INTERNATIONAL STANDARD BOOK NUMBER
ISBN 1562470760
020 ## - INTERNATIONAL STANDARD BOOK NUMBER
ISBN 1562470752 (pbk.)
040 ## - CATALOGING SOURCE
Transcribing agency DLC
082 00 - DEWEY DECIMAL CLASSIFICATION NUMBER
Classification number 813 PLE 1998 A93 Or.
100 1# - MAIN ENTRY--AUTHOR NAME
Personal name Porter, Connie Rose,
245 10 - TITLE STATEMENT
Title Meet Addy :
Remainder of title an American girl /
260 ## - PUBLICATION, DISTRIBUTION, ETC. (IMPRINT)
Place of publication Middleton, Wis. :
Name of publisher Pleasant Co.,
Year of publication 1998.
300 ## - PHYSICAL DESCRIPTION
Number of Pages 69 p. :
Other physical details col. ill. ;
Dimensions 22 cm.
520 ## - SUMMARY, ETC.
Summary, etc In 1864, after her father and brother are sold to another owner, nine-year-old Addy Walker and her mother escape from their cruel life as slaves in North Carolina to freedom in Philadelphia.
650 #0 - SUBJECT ADDED ENTRY--TOPICAL TERM
Topical Term African Americans
650 #1 - SUBJECT ADDED ENTRY--TOPICAL TERM
Topical Term African Americans
650 #1 - SUBJECT ADDED ENTRY--TOPICAL TERM
Topical Term Slavery
650 #1 - SUBJECT ADDED ENTRY--TOPICAL TERM
Topical Term Underground Railroad
700 1# - ADDED ENTRY--PERSONAL NAME
Personal name Taylor, Dahl,
942 ## - ADDED ENTRY ELEMENTS (KOHA)
Koha item type សៀវភៅភាសាអង់គ្លេស
952 ## - LOCATION AND ITEM INFORMATION (KOHA)
Withdrawn status [LOCAL, KOHA] 0
Holdings
Permanent Location Date acquired Koha item type Lost status Shelving location Barcode Current Location Full call number
Library Block A2017-08-23សៀវភៅភាសាអង់គ្លេស A095A18112Library Block A813 PLE 1998 A95 Or.
មជ្ឈមណ្ឌលឯការនៃសាកលវិទ្យាល័យភូមិន្ទកសិកម្មចំការដូង

Powered by Koha